000
00220 a2200097 4500
001
13353
100
_a
Campbell, R.W
245
_a
Soivet economic power
260
_a
Cambridge
_b
Houghton mifflin
_c
090
_c
10369
_d
10369
942
_a
NUST-CAE
_c
M
_c
413
999
_c
248426
_d
248426